| 000 | 00388nam a22001337a 4500 | ||
|---|---|---|---|
| 020 | _a9780070495395 | ||
| 082 |
_a628.3 _bMET/WA |
||
| 100 |
_aMetcalf& Eddy Inc _aTchobanoglous, George _91422 |
||
| 245 | _aWastewater Engineering: Treatment and Reuse | ||
| 250 | _a4 th | ||
| 260 |
_aNew Delhi _bTata McGraw Hill Education(India) Private Limited _c2013 |
||
| 300 | _a1819 | ||
| 942 | _cREF | ||
| 999 |
_c14138 _d14138 |
||